Statistiken für Gezogene Fahnen #1

Klicken Sie hier um das Quiz zu spielen!

Allgemein

  • Dieses Quiz wurde 60 mal gespielt
  • Das Durchschnittsergebnis liegt bei 16 aus 16

Antwortstatistiken

Antwort% Korrekt
Brasilien
100%
Deutschland
100%
Frankreich
100%
Griechenland
100%
Japan
100%
Kanada
100%
Polen
100%
Russland
100%
Schweden
100%
Vereinigte Staaten
100%
Estland
96%
Bosnien und Herzegowina
95%
Lettland
95%
Marokko
95%
Chile
93%
Kuba
89%

Verteilung der Resultate

Perzentil nach korrekt beantworteten Fragen

Anzahl Personen mit jedem Resultat

Ihre Resultats-Entwicklung

Sie haben dieses Quiz noch nicht gespielt